Statistics for Geography by Letter on the World Map - C

Click here to take the quiz!

General Stats

  • This quiz has been taken 42,808 times
  • The average score is 14 of 20

Answers on the Map

Answers color-coded by a green-red scale on the quiz's map according to % correct below.
Loading ...
 

Answer Stats

Answer% Correct
Canada
98%
China
98%
Chile
97%
Colombia
96%
Chad
92%
Cairo
86%
Caribbean Sea
83%
Canberra
82%
Chicago
82%
Copenhagen
79%
Caspian Sea
72%
Congo
70%
Corsica
66%
Casablanca
66%
Canary Islands
62%
Catalonia
58%
Caucasus Mountains
51%
Colorado River
38%
Carpathian Mountains
33%
Cape York Peninsula
14%

Score Distribution

Percentile by Number Answered

Percent of People with Each Score

Your Score History

You have not taken this quiz